The Center of the World/ (Record no. 213227)

MARC details
000 -LEADER
fixed length control field 00668nam a22002057a 4500
005 - DATE AND TIME OF LATEST TRANSACTION
control field 20250902114631.0
010 ## - LCCN (DPL NO)
LC control number ENG-146518
020 ## - INTERNATIONAL STANDARD BOOK NUMBER
International Standard Book Number 9789395474368
Terms of availability 1995.00
035 ## - SYSTEM CONTROL NUMBER
System control number EN-130050
037 ## - SOURCE OF ACQUISITION
Source of stock number/acquisition DBAD
082 ## - DEWEY DECIMAL CLASSIFICATION NUMBER
Classification number 336.39054
100 ## - MAIN ENTRY--PERSONAL NAME
Personal name Fromherz, Allen James
245 ## - TITLE STATEMENT
Title The Center of the World/
Statement of responsibility, etc Allen James Fromherz
250 ## - EDITION STATEMENT
Edition statement 1
260 ## - PUBLICATION, DISTRIBUTION, ETC. (IMPRINT)
Place of publication, distribution, etc New Delhi
Name of publisher, distributor, etc Sanctum Books
Date of publication, distribution, etc 2025
270 ## - ADDRESS
Address 68 Medical Association Road, Darya Ganj
City New Delhi
Postal code 110002
300 ## - PHYSICAL DESCRIPTION
Extent xxii, 306p.
Dimensions 24cm(hb)
Other physical details Index
500 ## - GENERAL NOTE
General note A Global History of the Persian Gulf From the Stone Age to the Present
942 ## - ADDED ENTRY ELEMENTS (KOHA)
Item type English Books
Classification part 336.30954
Source of classification or shelving scheme Dewey Decimal Classification
Call number suffix FRO
Holdings
Withdrawn status Lost status Not for loan Collection code Home library Current library Date acquired Source of acquisition Cost, normal purchase price Full call number Barcode Copy number Cost, replacement price Koha item type
    Not For Loan Non-fiction D.B.Act.Division D.B.Act.Division 02/09/2025 Delivery of Books Act Division 1995.00 336.30954 FRO EN-130050 1 1995.00 English Books

© Delhi Public Library
Hit Counter
free hit counter